Interpreting scripture : (Record no. 10866)

MARC details
000 -LEADER
fixed length control field 00502nam a22001697a 4500
003 - CONTROL NUMBER IDENTIFIER
control field GBCCL
005 - DATE AND TIME OF LATEST TRANSACTION
control field 20250617142116.0
008 - FIXED-LENGTH DATA ELEMENTS--GENERAL INFORMATION
fixed length control field 250617b |||||||| |||| 00| 0 eng d
040 ## - CATALOGING SOURCE
Transcribing agency GBC
082 ## - DEWEY DECIMAL CLASSIFICATION NUMBER
Classification number 220.601
Item number RAI 1
100 ## - MAIN ENTRY--PERSONAL NAME
Personal name Raichur, Ashish
245 ## - TITLE STATEMENT
Title Interpreting scripture :
Remainder of title how to study, interpret and communicate the Bible accurately
260 ## - PUBLICATION, DISTRIBUTION, ETC.
Place of publication, distribution, etc. Bangalore :
Name of publisher, distributor, etc. All peoples Church & world outreach ,
Date of publication, distribution, etc. 2025
300 ## - PHYSICAL DESCRIPTION
Extent 319p. ;
650 ## - SUBJECT ADDED ENTRY--TOPICAL TERM
Topical term or geographic name entry element Bible
Form subdivision hermeneutics
942 ## - ADDED ENTRY ELEMENTS (KOHA)
Source of classification or shelving scheme Dewey Decimal Classification
Koha item type Books
Suppress in OPAC No
Holdings
Withdrawn status Lost status Source of classification or shelving scheme Damaged status Not for loan Home library Current Library Shelving location Date acquired Source of acquisition Total checkouts Total renewals Full call number Barcode Date last seen Date last checked out Copy number Price effective from Koha item type
    Dewey Decimal Classification     GRACE BIBLE COLLEGE GRACE BIBLE COLLEGE Biblical Studies 2025-06-17 gift 6 1 220.601 RAI 020823 2026-03-02 2026-02-27 c.1 2025-06-17 Books
© Grace Bible College Library 2025